[Event "Mittelfrank Regionalliga Sud-West 2223"]
[Site "Mittelfranken"]
[Date "2023.04.23"]
[Round "9.5"]
[White "Parsch, Christian"]
[Black "Gradwohl, Manfred"]
[Result "1-0"]
[WhiteElo "2044"]
[BlackElo "1957"]
[PlyCount "73"]
[EventDate "2022.10.09"]
[EventType "team-tourn"]
[EventRounds "9"]
[EventCountry "GER"]
[SourceTitle "EXT 2024"]
[Source "ChessBase"]
[SourceDate "2023.10.10"]
[SourceVersion "1"]
[SourceVersionDate "2023.10.10"]
[SourceQuality "1"]
[WhiteTeam "Altstadt Roter Turm"]
[BlackTeam "Garching III"]
[WhiteTeamCountry "GER"]
[BlackTeamCountry "GER"]

1. d4 g6 2. c4 Bg7 3. Nc3 d6 4. e4 Nc6 5. Be3 e5 6. d5 Nce7 7. g4 Nf6 8. f3 0-0 9. Qd2 Ne8 10. Bd3 f5 11. exf5 gxf5 12. h3 Ng6 13. 0-0-0 Nf4 14. Bc2 Qh4 15. Nge2 Bh6 16. Nxf4 Bxf4 17. Bxf4 exf4 18. Rdg1 Ng7 19. Rh2 Kh8 20. Qxf4 Bd7 21. Qg3 Qxg3 22. Rxg3 Rae8 23. Re2 h5 24. Kd2 Rxe2+ 25. Nxe2 fxg4 26. hxg4 hxg4 27. fxg4 Rf1 28. Ke3 Ra1 29. Nc3 a6 30. Bb1 b5 31. Rg1 b4 32. Rh1+ Kg8 33. Bh7+ Kf7 34. Rxa1 bxc3 35. bxc3 Bxg4 36. Rf1+ Ke7 37. Rg1 1-0

[Event "Mittelfrank Regionalliga Sud-West 2122"]
[Site "Mittelfranken"]
[Date "2022.06.26"]
[Round "3.7"]
[White "Richtmann, Peter"]
[Black "Parsch, Christian"]
[Result "0-1"]
[WhiteElo "1899"]
[BlackElo "1986"]
[PlyCount "100"]
[EventDate "2021.10.24"]
[EventType "team-tourn"]
[EventRounds "9"]
[EventCountry "GER"]
[SourceTitle "EXT 2024"]
[Source "ChessBase"]
[SourceDate "2023.10.10"]
[SourceVersion "1"]
[SourceVersionDate "2023.10.10"]
[SourceQuality "1"]
[WhiteTeam "Dillingen"]
[BlackTeam "Altstadt Roter Turm"]
[WhiteTeamCountry "GER"]
[BlackTeamCountry "GER"]

1. d4 d5 2. c4 e6 3. Nc3 Be7 4. Nf3 Nf6 5. Bf4 0-0 6. e3 c5 7. Be2 Nc6 8. 0-0 a6 9. a3 dxc4 10. dxc5 Bxc5 11. Bxc4 b5 12. Ba2 Re8 13. Qe2 e5 14. Rfd1 exf4 15. Rxd8 Nxd8 16. Nd5 fxe3 17. Nxf6+ gxf6 18. Kf1 Bg4 19. h3 Bh5 20. g4 Bg6 21. Nh4 Ba7 22. f4 Be4 23. g5 fxg5 24. Qg4 Bd3+ 25. Ke1 Ne6 26. Bxe6 Rxe6 27. Qxg5+ Kh8 28. Rd1 Rg8 29. Rxd3 Rxg5 30. fxg5 Kg7 31. Rd7 Bb8 32. Ke2 Be5 33. b3 Bb2 34. a4 bxa4 35. bxa4 Re4 36. Nf5+ Kg6 37. Ng3 Rxa4 38. h4 Rxh4 39. Rd6+ Kxg5 40. Rxa6 f5 41. Ra5 Kf4 42. Nf1 Bc1 43. Rc5 Bd2 44. Rc4+ Kg5 45. Rc5 Re4 46. Ng3 Rf4 47. Kd3 Kg4 48. Ne2 Ra4 49. Nd4 Rxd4+ 50. Kxd4 e2 0-1